La muerte en cuatro otra vez la muerte / (Registro nro. 13639)

Detalles MARC
000 -LEADER
fixed length control field 00957nam a2200313 a 4500
001 - CONTROL NUMBER
control field
003 - CONTROL NUMBER IDENTIFIER
control field DO-SdBNP
005 - DATE AND TIME OF LATEST TRANSACTION
control field 20210809101800.0
008 - FIXED-LENGTH DATA ELEMENTS--GENERAL INFORMATION
fixed length control field 140324s2019 dr r 000 j spa d
020 ## - INTERNATIONAL STANDARD BOOK NUMBER
International Standard Book Number 9789945590968
040 ## - CATALOGING SOURCE
Original cataloging agency BPMSU
Language of cataloging spa
Transcribing agency BPMSU
082 ## - DEWEY DECIMAL CLASSIFICATION NUMBER
Classification number RD861.5
Item number B333m, 2019
Edition number 22
100 1# - MAIN ENTRY--PERSONAL NAME
Personal name Batlle, Natacha
245 10 - TITLE STATEMENT
Title La muerte en cuatro otra vez la muerte /
Statement of responsibility, etc. Natacha Batlle
260 ## - PUBLICATION, DISTRIBUTION, ETC. (IMPRINT)
Place of publication, distribution, etc. Santo Domingo :
Name of publisher, distributor, etc. FUNGLODE,
Date of publication, distribution, etc. 2019
300 ## - PHYSICAL DESCRIPTION
Extent 101 p. ;
Dimensions 25 cm.
490 0# - SERIES STATEMENT
Series statement Premios
500 ## - GENERAL NOTE
General note Premio único
586 ## - AWARDS NOTE
Awards note Premio FLUNGLODE de Poesía Pedro Mir 2018
590 ## - LOCAL NOTE (RLIN)
Local note Inventariado, 2021/VM
650 #4 - SUBJECT ADDED ENTRY--TOPICAL TERM
Topical term or geographic name as entry element Poesía dominicana
650 #0 - SUBJECT ADDED ENTRY--TOPICAL TERM
Topical term or geographic name as entry element Literatura dominicana.
650 #4 - SUBJECT ADDED ENTRY--TOPICAL TERM
Topical term or geographic name as entry element Premios literarios
650 #4 - SUBJECT ADDED ENTRY--TOPICAL TERM
Topical term or geographic name as entry element Certámenes literarios
710 2# - ADDED ENTRY--CORPORATE NAME
Corporate name or jurisdiction name as entry element Fundación Global Democracía y Desarrollo (República Dominicana)
711 2# - ADDED ENTRY--MEETING NAME
Meeting name or jurisdiction name as entry element Premios FUNGLODE
Date of meeting (2018 :
Location of meeting Santo Domingo)
910 ## - USER-OPTION DATA (OCLC)
User-option data VMateo
942 ## - ADDED ENTRY ELEMENTS (KOHA)
Source of classification or shelving scheme Dewey Decimal Classification
Koha item type Libros
Existencias
Withdrawn status Lost status Source of classification or shelving scheme Damaged status Not for loan Collection code Home library Current library Date acquired Total Checkouts Full call number Barcode Date last seen Price effective from Koha item type
    Dewey Decimal Classification     Colección Dominicana Biblioteca Pública Metropolitana Salomé Ureña Biblioteca Pública Metropolitana Salomé Ureña 08/09/2021   BPMSU CD RD861.5 B333m, 2019 BPMSU21080034 08/09/2021 08/09/2021 Libros